La arquitectura en Buenos Aires en 1880 / (Registro nro. 12241)

Detalles MARC
000 -LEADER
longitud fija campo de control 01194nam a22003257a 4500
003 - IDENTIFICADOR DE NUMERO DE CONTROL
control del campo AR-RoUNA
005 - FECHA DE LA ULTIMA MODIFICACION
control del campo 20251112164907.0
008 - CAMPO DE CONTROL - LIBROS
longitud fija campo de control 251112b |||||||| |||| 00| 0 spa d
040 ## - ORIGEN DE LA CATALOGACION
Agencia que cataloga la obra original AR-RoUNA
Idioma en que se cataloga spa
Entidad que modifico el registro AR-RoUNA
041 ## - CODIGO DE IDIOMA
Codigo de idioma del texto / sonido o titulo separado spa
Codigo de idioma de la traduccion original y / o intermedios de texto spa
044 ## - CODIGO DE PAIS / ENTIDAD PRODUCTORA
Codigo MARC del pais ag
100 1# - ASIENTO PRINCIPAL - NOMBRE PERSONAL
Nombre personal Burgos, Juan Manuel
9 (RLIN) 27565
245 13 - TITULO PROPIAMENTE DICHO
Titulo La arquitectura en Buenos Aires en 1880 /
Mencion de responsabilidad, etc Juan Manuel Burgos (Conferencia dictada en Sociedad Cientifica Argentina en 1880); notas y comentarios: Ramon Gutierrez. Universidad Nacional del Nordeste
250 ## - MENCION DE EDICION
Edicion declarada 1a. ed.
260 ## - EDITORIAL - PUBLICACION, DISTRIBUCION, ETC. (Pie de imprenta)
Lugar de publicacion, distribucion, etc Resistencia, Chaco :
Nombre del editor, distribuidor, etc Universidad Nacional del Nordeste,
Fecha de publicacion 1968
300 ## - DESCRIPCION FISICA
Extension p.:22; (6 paginas s.n)
Otros detalles fisicos fot. byn.,
Dimensiones 33x21 cm
490 ## - MENCION DE SERIE
Titulo de la serie [Coleccion Jose Garcia Bryce]
610 #4 - MATERIA - NOMBRE CORPORATIVO
Nombre corporativo o de jurisdiccion como entrada Universidad Nacional del Noroeste. Facultad de Ingenieria Vivienda y Planeamiento
9 (RLIN) 27566
610 #4 - MATERIA - NOMBRE CORPORATIVO
Nombre corporativo o de jurisdiccion como entrada Catedra de la Arquitectura de la Historia
9 (RLIN) 27567
611 ## - MATERIA - NOMBRE DE LA REUNION
Nombre de la reuni Curso 5
9 (RLIN) 27568
650 #4 - MATERIA - TERMINO TEMATICO
Término temático general Arquitectura
650 #4 - MATERIA - TERMINO TEMATICO
Término temático general Historia
650 #4 - MATERIA - TERMINO TEMATICO
Término temático general Siglo XIX
651 #4 - MATERIA - NOMBRE GEOGRAFICO
Termino geografico Buenos Aires, Argentina
9 (RLIN) 193
908 ## - SOPORTE
Soporte Imp
930 ## - ACCESION
Numero de accesion (NR) 2167
942 ## - FUENTE DE CLASIFICACION
Clasificacion Dewey Decimal Classification
Tipo de item Libro
945 ## - INFORMACION DE PROCESAMIENTO
Codigo del operador MIA
Fecha de ingreso o modificacion 2025-11-12
980 ## - DECLARACIÓN DE EQUIVALENCIA O SERIE DE REFERENCIA CRUZADA - NOMBRE / TÍTULO PERSONAL [LOCAL, CANADÁ]
Código del operador 1
Nombre del operador Maricel Allasia
Código del operador que modifico el registro 1
Nombre del operador que modifico el registro Maricel Allasia
Existencias
Estado retiro Estado perdido Sistema de clasificacion Estado general Restricciones de uso Biblioteca de origen Ubicacion actual Localizacion en estante Fecha de adquisicion Fuente de adquisicion Prestamos totales Signatura y librística Proveedor Numero de ejemplar Tipo de elemento KOHA Nota no publica
Disponible Disponible cdu No dañado Ningun uso de restricciones Arq. Hilarión H. Larguia Arq. Hilarión H. Larguia Tec 12/11/2025 Don   72.034 B982 2969 ej. 1 Libro